FIFA WM2026 Teilnehmer-Länder - Statistiken

Allgemein
  • Dieses Quiz wurde 61 mal gespielt
  • Das Durchschnittsergebnis liegt bei 37 aus 48
Antwortstatistiken
Gruppe Land % Korrekt
Gruppe D USA
100%
Gruppe J Argentinien
98%
Gruppe C Brasilien
98%
Gruppe E Deutschland
98%
Gruppe I Frankreich
96%
Gruppe F Japan
96%
Gruppe A Mexiko
96%
Gruppe H Spanien
96%
Gruppe B Kanada
94%
Gruppe J Österreich
92%
Gruppe L England
90%
Gruppe B Schweiz
90%
Gruppe D Australien
88%
Gruppe F Niederlande
88%
Gruppe I Norwegen
87%
Gruppe F Schweden
87%
Gruppe G Belgien
85%
Gruppe K Kolumbien
85%
Gruppe C Marokko
85%
Gruppe K Portugal
85%
Gruppe A Südafrika
85%
Gruppe A Südkorea
85%
Gruppe G Iran
81%
Gruppe L Kroatien
81%
Gruppe D Türkei
81%
Gruppe E Ecuador
79%
Gruppe H Uruguay
79%
Gruppe B Bosnien und Herzegowina
77%
Gruppe L Ghana
77%
Gruppe I Senegal
77%
Gruppe G Ägypten
75%
Gruppe J Algerien
75%
Gruppe E Curaçao
75%
Gruppe G Neuseeland
71%
Gruppe C Schottland
71%
Gruppe I Irak
69%
Gruppe A Tschechien
69%
Gruppe E Elfenbeinküste
65%
Gruppe D Paraguay
65%
Gruppe H Saudi-Arabien
65%
Gruppe L Panama
62%
Gruppe F Tunesien
58%
Gruppe B Katar
56%
Gruppe K DR Kongo
50%
Gruppe H Kap Verde
50%
Gruppe C Haiti
46%
Gruppe J Jordanien
44%
Gruppe K Usbekistan
44%
Keine übereinstimmenden Quizze gefunden
Verteilung der Resultate
Anzahl Personen mit jedem Resultat
Perzentil nach korrekt beantworteten Fragen
Ihre Resultats-Entwicklung
Sie haben dieses Quiz noch nicht gespielt